000 00521cam a22001934a 4500
005 20250605164304.0
008 250528s ||||||||||||||||||||||||d
035 _a22182
020 _a9789604319435
040 _aGR-AtMCL
_bgre
_dGR-AtMCL
_eAACR2
245 1 _aΗΛΕΚΤΡΙΚΕΣ ΕΓΚΑΤΑΣΤΑΣΕΙΣ ΚΑΤΑΝΑΛΩΤΩΝ
250 _a1
260 _bΖήτη,
_c2005
300 _a968
700 1 _aΝτοκοπουλος Πετρος
_98007
942 _cBK
999 _c7238
_d7238